| 000 | 01539ngm a22003730a 4500 | ||
|---|---|---|---|
| 001 | PT45361 | ||
| 003 | AR-LpoUNG | ||
| 005 | 20210201235951.0 | ||
| 007 | vd cvaizq | ||
| 008 | 191001s2009||||ag |||||||||||||||||spa d | ||
| 037 | _c$8.30 | ||
| 040 |
_aAR-LpoUNG _bspa _cAR-LpoUNG _eaacr |
||
| 041 | _aspa | ||
| 044 | _aag | ||
| 082 | 0 | _a305.906 94 89ult | |
| 100 | 1 |
_aKral, Germán _edir. |
|
| 245 | 1 | 3 |
_aEl último aplauso : _bdos generaciones unidas por el tango |
| 260 |
_aSan Luis : _bAVH, _c2009. |
||
| 300 | _aDVD (88 min.) : son., col. | ||
| 505 | 0 | _aExtras: avance, escenas eliminadas, detrás de escena, galería de fotos. Subtítulos en inglés, alemán, castellano closed captions. | |
| 520 | _aUn grupo de veteranos tangueros que solían cantar en el famoso "Bar El Chino", en Pompeya. Después de la muerte del dueño, "El Chino", en el 2001, ese lugar yacía en ruinas. El Último Aplauso acompaña la vida de esos cantantes de tango desde 1999 hasta hoy, mostrando su lucha para sobrevivir durante una de las épocas de mayor crisis de la historia argentina y su desesperado sueño de volver a cantar y recibir así, quizá por última vez en sus vidas, el caluroso aplauso del público. | ||
| 650 | 4 | _aARGENTINA | |
| 650 | 4 | _aASPECTOS SOCIALES | |
| 650 | 4 | _aGRUPOS SOCIALES | |
| 650 | 4 | _aIDENTIDAD CULTURAL | |
| 650 | 4 | _aRECESION ECONOMICA | |
| 653 | _aCANTANTES | ||
| 653 | _aCINE ARGENTINO | ||
| 653 | _aDOCUMENTALES | ||
| 653 | _aTANGO | ||
| 653 | _aVIDEOS | ||
| 905 | _a45361 | ||
| 942 | _cDVD | ||
| 999 |
_c53882 _d53882 |
||